Estatísticas para Cultura Geral

Clique aqui para jogar o quiz

Estatísticas Gerais

  • Esse quiz foi jogado 24 vezes
  • A pontuação média é 8 de 15

Estatísticas das Respostas

HintResposta% Correto
Em que parte do corpo um cardiologista se especializa?Coração
95%
Que país é frequentemente associado à cor laranja - apesar de ter uma bandeira vermelha, branca e azul?Países Baixos
85%
O que James Bond tem licença para fazer?Matar
80%
Qual filme de 2018 foi sobre a vida do vocalista do Queen, Freddie Mercury?Bohemian Rhapsody
75%
Que desporto pratica Kobe Bryant?Basquetebol
70%
Qual foi a única equipa da NBA que Kobe Bryant jogou?Los Angeles Lakers
70%
Em que país o filme da Pixar "Coco" foi filmado?México
65%
Quem canta a música "Highway to Hell"?AC/DC
55%
Qual é a ponte mais famosa de São Francisco?Golden Gate
45%
Quem estrelou "O Mestre", "Ela" e "Joker"?Joaquin Phoenix
45%
Que cor, começando com M, também é chamada de fúcsia?Magenta
35%
Quem canta a música "Purple Rain"?Prince
35%
Qual personagem de conto de fadas foi o tema do filme "Tangled" de 2010?Rapunzel
35%
Que cidade britânica está associada ao Robin Hood?Nottingham
10%
Que filme de 2012 era sobre um grupo de acapella universitário chamado Bellas?Pitch Perfect
10%

Distribuição das Pontuações

Percentil de Números Respondidos

Porcentagem de Pessoas com Cada Pontuação

Sua Pontuação Histórica

Você não jogou esse quiz